| 000 | 00991nam a22003017a 4500 | ||
|---|---|---|---|
| 001 | 6087 | ||
| 003 | FISKH | ||
| 005 | 20250310091329.0 | ||
| 008 | 250310b cb ||||| |||| 00| 0 eng d | ||
| 020 | _a0590988670 | ||
| 040 |
_aFISKH _beng _cFISKH _dFISKH |
||
| 050 | _aPZ7.D876 H | ||
| 082 | _a808.068 | ||
| 100 |
_aDuffey, Betsy _d(1953-) |
||
| 245 |
_aHow to be cool in the third grade / _cBy Betsy Duffey ; Illustrated by Janet Wilson |
||
| 250 | _aThis edition first published in 1993 | ||
| 260 |
_aNew York : _bScholastic, _c1993 |
||
| 300 |
_a71 pages : _billustrations ; _c20 cm |
||
| 505 | _aP | ||
| 520 | _aWhen Robbie York is marked as a target by a bully at school, he decides that the only way to survive the third grade is by being cool. | ||
| 521 | 8 |
_a600
_bLexile |
|
| 521 | 8 |
_aP
_bRaz-Plus |
|
| 650 |
_2Popularity _aRealistic fiction |
||
| 650 |
_2Bullying _aChapter book |
||
| 700 |
_aWilson, Janet _dillustrator |
||
| 942 |
_2ddc _cBK _n0 |
||
| 999 |
_c6087 _d6087 |
||